<?xml version="1.0" encoding="UTF-8"?>
<marc:record xmlns:marc="http://www.loc.gov/MARC21/slim">
   <marc:leader>00000nam a2200000 a 4500</marc:leader>
   <marc:datafield ind1="1" ind2=" " tag="100">
      <marc:subfield code="a">Pötzsch, Oliver</marc:subfield>
      <marc:subfield code="4">aut</marc:subfield>
      <marc:subfield code="e">Verfasser/-in</marc:subfield>
   </marc:datafield>
   <marc:datafield ind1="0" ind2="0" tag="245">
      <marc:subfield code="a">Die Rückkehr des Zauberers</marc:subfield>
   </marc:datafield>
   <marc:datafield ind1="0" ind2="0" tag="245">
      <marc:subfield code="c">Oliver Pötzsch</marc:subfield>
   </marc:datafield>
   <marc:datafield ind1=" " ind2="1" tag="264">
      <marc:subfield code="a">München</marc:subfield>
      <marc:subfield code="b">Lago</marc:subfield>
      <marc:subfield code="c">2023</marc:subfield>
   </marc:datafield>
   <marc:datafield ind1="1" ind2=" " tag="490">
      <marc:subfield code="a">¬Die¬ schwarzen Musketiere 3</marc:subfield>
   </marc:datafield>
   <marc:datafield ind1=" " ind2=" " tag="250">
      <marc:subfield code="a">1. Aufl.</marc:subfield>
   </marc:datafield>
   <marc:datafield ind1="1" ind2=" " tag="520">
      <marc:subfield code="a">1634 &#x96; der Krieg in Europa geht in sein 17. Jahr und der große Feldherr Wallenstein ist tot. Steckt der Inquisitor Waldemar von Schönborn hinter der Ermordung? Will er den Krieg in die Länge ziehen, um seine eigenen Ziele zu verfolgen? Hofastrologe Senno ist überzeugt, dass es nur einen gibt, der den Inquisitor aufhalten kann: Merlin. Lukas und seine Freunde machen sich auf die Suche nach dem sagenumwobenen Zauberer, doch sie haben nicht mit dem gerechnet, was sie finden. Störrisch, launisch und frech steht ihnen der große Magier im Körper eines Kindes gegenüber. Wie soll dieser trotzige Bengel ihnen helfen, Waldemars Pläne zu zerschlagen? Schafft es der Inquisitor am Ende doch noch, sich als wiederauferstandener Barbarossa als neuer Kaiser ausrufen zu lassen? Für die Freunde beginnt ein gefährlicher Wettlauf gegen die Zeit, der sie ins tiefe Herz des Reiches führt</marc:subfield>
   </marc:datafield>
   <marc:datafield ind1=" " ind2=" " tag="020">
      <marc:subfield code="a">9783957612335</marc:subfield>
      <marc:subfield code="9">9783957612335</marc:subfield>
   </marc:datafield>
   <marc:datafield ind1=" " ind2=" " tag="020">
      <marc:subfield code="a">3957612330</marc:subfield>
      <marc:subfield code="9">3957612330</marc:subfield>
   </marc:datafield>
   <marc:datafield ind1=" " ind2=" " tag="300">
      <marc:subfield code="a">351 S.</marc:subfield>
   </marc:datafield>
</marc:record>
